000 00647nam a22002297a 4500
999 _c400
_d400
003 AR-CdUCM
008 190223b ||||| |||| 00| 0 spa d
020 _a8432082805
040 _aMUNICIPALIDAD PROVINCIAL DEL CUSCO
_cBIBLIOTECA MUNICIPAL DEL CUSCO
041 _heng
082 _a818.5 /
_bC25
100 _aCapote, Truman
_91602
245 _aA sangre fría /
260 _aBarcelona :
_bPlaneta,
_c1985.
300 _a443 páginas ;
_c19 cm.
440 _aBestSellers Planeta.
_n74
_91603
650 _aNovelas estadounidenses
_9734
650 _aNovelas siglo XX
_9797
650 _aPolicial
_91604
942 _2ddc
_cLIBROS
945 _azta